| 000 | 00792nam a22002057a 4500 | ||
|---|---|---|---|
| 999 |
_c16680 _d16680 |
||
| 003 | AR-CdUCM | ||
| 008 | 190504b ||||| |||| 00| 0 spa d | ||
| 040 |
_aMUNICIPALIDAD PROVINCIAL DEL CUSCO _cBIBLIOTECA MUNICIPAL DEL CUSCO |
||
| 082 |
_a508 / _bB36 |
||
| 100 |
_aBeiser, Arthur. _923025 |
||
| 245 | _aLa tierra / | ||
| 260 |
_aMéxico : _bOffset Multicolor, S.A., _c1964. |
||
| 300 |
_a192 páginas ; _c28 cm. |
||
| 440 |
_aColección de la naturaleza de life en español. _936260 |
||
| 505 | _aContenido :Un pequeño pero extraordinario planeta -- Comienzos nebulosos -- Anatomía de los cielos -- La formación de la corteza -- El modelado del paisaje ... | ||
| 650 |
_aLa tierra. _929809 |
||
| 650 |
_aCiencias aplicadas. _920077 |
||
| 942 |
_2ddc _cLIBROS |
||
| 945 |
_arum _d2019-05-04 |
||